|
|
|
|
| LEADER |
01016naa a2200229 i 4500 |
| 001 |
acta73507 |
| 005 |
20211102144330.0 |
| 008 |
211102s2020 hu o 0|| hun d |
| 020 |
|
|
|a 978-615-6060-30-3
|
| 040 |
|
|
|a SZTE Egyetemi Kiadványok Repozitórium
|b hun
|
| 041 |
|
|
|a hun
|
| 100 |
1 |
|
|a Székely Miklós
|
| 245 |
1 |
2 |
|a A közeljövő társadalombiztosítási feladatai
|h [elektronikus dokumentum] /
|c Székely Miklós
|
| 260 |
|
|
|c 2020
|
| 300 |
|
|
|a 393-397
|
| 490 |
0 |
|
|a Fejezetek a magyarországi társadalom- és szociálpolitika történetéből II. : szövegek a kiegyezéstől a rendszerváltásig (1867–1989)
|v 2
|
| 650 |
|
4 |
|a Társadalomtudományok
|
| 650 |
|
4 |
|a Szociológia
|
| 650 |
|
4 |
|a Bölcsészettudományok
|
| 650 |
|
4 |
|a Történettudomány és régészet
|
| 695 |
|
|
|a Társadalombiztosítás - Magyarország, Szociálpolitika - Magyarország
|
| 856 |
4 |
0 |
|u http://acta.bibl.u-szeged.hu/73507/1/2020_fejezetek_a_magyarorszagi_tarsadalom_es_szocialpolitika_tortenetebol_002_393-397.pdf
|z Dokumentum-elérés
|